Statistiques concernant Connaissez vous réellement le football ?

Cliquez ici pour prendre le quiz!

Statistiques générales

  • Ce quiz a été pris 141 fois
  • Le résultat moyen est 28 sur 50

Statistiques - réponses

HintRéponse% Correct
Combien de ballon d'or à gagner Michel Platini ?3
98%
Combien de coupe du monde à gagner pelé ?3
98%
Combien de ballon d'or à gagner nedved1
97%
Qui à marquer un penalty sur panenka en finale de coupe du monde 2006Zidane
89%
Quel âge à Warren Zaïre Emery ?17
88%
Il à marquer le but de la victoire en finale de coupe du monde 2010Andrés Iniesta
82%
Il à gagner la ligue 1 avec Montpellier en 2010-2011 ( il joue actuellement à milan )Giroud
80%
Il à mis un coup du scorpion avec arsenalGiroud
80%
Légende de Chelsea son nom commence par LLampard
80%
2 ème meilleur buteur de l'équipe de FranceHenry
78%
Frère de Lucas HernandezThéo Hernandez
78%
Joueur passé par Marseille/ Lyon il à également joué à lolympiakos il joue actuellement à appolon LimassolValbuena
76%
Dans quel club à été formé Mathéo guendouziPSG
75%
Footballeur qui à gagner 3 LDC d'affilée avec l'AjaxCruyff
73%
Footballeur qui à inventé le Tiki taka il l'a appris à guardiolaCruyff
73%
Il à trahit le Barça en signant au Real Madrid au début des années 2000Figo
73%
De quel pays est originaire George weah ?Liberia
72%
Légende du PSG passer par Naples/ man United/ valence il joue actuellement à Boca juniorsCavani
71%
Entraîneur actuel de Al ettifaq légende de LiverpoolGerrard
71%
Gardien français qui joue à LensSamba
69%
Gardien emblématique de arsenal et Chelsea il avait un casque sur sa têteCech
65%
Joueur allemand qui à dit << paris saint germain au revoir >>Müller
65%
Il à créé l'inter MiamiBeckham
62%
Légende de foot nationalité Irlande du NordBest
61%
Joueur formé au Barça il va ensuite au PSG avant d'aller au PSv Eindhoven où il va tout exploser le PSG le rachète il est prêter à LeipzigXavi Simons
60%
Contre qui l'OM à perdu la finale d'Europa League en 2019Atletico Madrid
59%
Brésilien qui à été de transférer de Zenith à Al Hilal cet étéMalcom
57%
Joueur argentin passé par le PSG l'as Roma Elche il joue actuellement au QatarPastore
57%
Défenseur qui à mis un triplé en ligue des Champions avec le PSG face à AnderlechtKurzawa
55%
Il aurait pu signer au PSG mais il est finalement rester à Santos pendant presque toute sa carrière avant de la finir à cosmos au usaPelé
55%
Joueur transféré de Lyon au rb Leipzig cet étéLukeba
50%
Finaliste de la première ligue des ChampionsReims
49%
Gagnant de l'Europa League conférence 2023West ham
49%
Joueur blessé avant la coupe du monde 2014 / euro 2016 / coupe du monde 2018 joueur allemandMarco Reus
46%
Joueur transféré de Brighton à Chelsea cet étéCaicedo
45%
Gardien actuel de Leeds UnitedMeslier
44%
Ou à signer payet cet étéVasco de Gama
43%
Joueur qui à préféré apprendre la thèse du dribble à l'université avant de devenir footballeurMitoma
40%
Gardien de Al Nassr gravement blessé il à jouer à NaplesOspina
40%
Dans quel club joue pépé actuellementFC Porto
39%
Gagnant de ballon d'or 1999Rivaldo
32%
Club actuel David LuizFlamengo
23%
Il va devenir le directeur sportif du BarçaDeco
20%
Club actuel de Roberto firminoAl alhi
16%
Quel est la deuxième équipe allemande à avoir gagner le plus de Bundesliga derrière le BayernNuremberg
12%
Dans quel club est prêter noah lemina ?Sampdoria
10%
Club actuel de James RodriguezSao Paulo
10%
Entraîneur actuel de Al ittihadNuno Santos
9%
Meilleur club d'ÉgypteAl alhy
8%
Dans quel club jouait Stanley Matthews quand il à gagner le premier ballon d'or en 1956Blackpool
6%

Distribution des résultats

Percentile par nombre de réponses

% des personnes avec chaque résultat

Votre développement - résultats

Vous n’avez pas pris ce quiz